000 00247nam a22000977a 4500
008 140207t xxu||||| |||| 00| 0 eng d
100 _aJames A. Black
_9656
245 _aMethods and Issues in social research
300 _aix, 444 p. :
942 _2ddc
_cBK
999 _c16915
_d16915